000
00270nam a2200109Ia 4500
008
190216s9999||||xx |||||||||||||| ||und||
100
_a
Mike Miller
245
0
_a
You Can Play Foot Ball
260
_b
Career`S Study Center. Newdelhi
650
_a
References
942
_c
REF
999
_c
35599
_d
35599